Property for business (Record no. 107960)

MARC details
000 -LEADER
fixed length control field 01584cad a22002415a 4500
001 - CONTROL NUMBER
control field L142771
008 - FIXED-LENGTH DATA ELEMENTS--GENERAL INFORMATION
fixed length control field 080307s2008 xxk f 000 0 eng d
035 ## - SYSTEM CONTROL NUMBER
System control number (Sirsi) u142771
041 0# - LANGUAGE CODE
Language code of text/sound track or separate title eng
050 04 - LIBRARY OF CONGRESS CALL NUMBER
Classification number 333.33 $2 18
110 2# - MAIN ENTRY--CORPORATE NAME
Corporate name or jurisdiction name as entry element CBI
245 00 - TITLE STATEMENT
Title Property for business
Remainder of title an essential guide for senior executives
Medium [electronic resource]
250 ## - EDITION STATEMENT
Edition statement 2nd ed.
260 ## - PUBLICATION, DISTRIBUTION, ETC.
Place of publication, distribution, etc. London
Name of publisher, distributor, etc. CBI
Date of publication, distribution, etc. 2008
505 2# - FORMATTED CONTENTS NOTE
Formatted contents note Foreword -- Introduction -- Defining your property strategy -- Property, sustainability and climate change -- Delivering your strategy -- Maximising workplace effectiveness -- Optimising your property costs -- Unlocking asset value -- Accounting, legal and regulatory influences -- Summary -- Key issues checklist
520 ## - SUMMARY, ETC.
Summary, etc. Provides guidance on how UK businesses can make the most of their property assets. Aims to raise awareness among senior business executives of the benefits of developing an effective strategy for property management. Aims to raise the profile of property in companies regardless or size or sector, provide strategic guidance on how to improve returns on investment and show how property management can support wider commercial and environmental objectives. Identifies current and future risks. Reflects changes in regulations and developments in best practice since 2005.
521 20 - TARGET AUDIENCE NOTE
Target audience note Advanced
590 ## - LOCAL NOTE (RLIN)
Local note KA NTK
651 #4 - SUBJECT ADDED ENTRY--GEOGRAPHIC NAME
Geographic name United Kingdom
Chronological subdivision
690 ## - LOCAL SUBJECT ADDED ENTRY--TOPICAL TERM (OCLC, RLIN)
Topical term or geographic name as entry element PROPERTY-COMMERCIAL PROPERTY-COMMERCIAL PROPERTY MARKET
856 41 - ELECTRONIC LOCATION AND ACCESS
Uniform Resource Identifier <a href="https://www.cbi.org.uk/property">https://www.cbi.org.uk/property</a>
Public note View this report free of charge at www. cbi.org.uk...
942 ## - ADDED ENTRY ELEMENTS (KOHA)
Suppress in OPAC 0
Holdings
Withdrawn status Lost status Source of classification or shelving scheme Damaged status Not for loan Home library Current library Shelving location Date acquired Total Checkouts Full call number Barcode Date last seen Copy number Price effective from Koha item type
    Dewey Decimal Classification     Virtual Virtual Online 07/03/2008   ONLINE PUBLICATION 142771-1001 06/08/2019 1 06/08/2019 Book